100 Most Populous North and South American Cities Quiz Stats

 Plays Quiz not verified by Sporcle

Also try: Countries: After Y
Challenge
Share
Tweet
Embed
Score 0/100 Timer 12:00
0 Plays Today
Rank City % Correct
#4New York
97.6%
#8Los Angeles
97.6%
#3Mexico City
96.2%
#14Chicago
92.9%
#2Lima
92.5%
#10Buenos Aires
92.5%
#6Rio de Janeiro
91.5%
#44Dallas
91.5%
#1Sao Paulo
91%
#21Houston
90.6%
#7Santiago
90.1%
#78San Francisco
90.1%
#9Caracas
89.2%
#5Bogota
88.7%
#12Brasilia
86.3%
#41San Diego
85.4%
#17Quito
84.9%
#13Toronto
84.4%
#22Havana
84.4%
#26Montreal
84.4%
#30Philadelphia
84.4%
#91La Paz
80.7%
#31Phoenix
80.2%
#35San Antonio
78.8%
#57San Jose
78.3%
#42Montevideo
75%
#33Guadalajara
74.5%
#19Medellin
73.1%
#66Austin
73.1%
#61Guatemala City
72.6%
#11Salvador
71.2%
#18Belo Horizonte
70.8%
#28Recife
69.3%
#50Monterrey
69.3%
Rank City % Correct
#60Santo Domingo
67%
#62Port au Prince
67%
#77Jacksonville
66.5%
#40Tijuana
65.1%
#20Cali
63.2%
#65Ottawa
61.8%
#55Managua
60.8%
#34Porto Alegre
60.4%
#46Calgary
60.4%
#23Manaus
59.4%
#16Guayaquil
58.5%
#49Tegucigalpa
58.5%
#15Fortaleza
56.1%
#38Cordoba
55.7%
#74Edmonton
55.7%
#81Indianapolis
54.7%
#63Rosario
54.2%
#24Curitiba
51.9%
#85Fort Worth
51.4%
#86Charlotte
50.5%
#27Maracaibo
50%
#82Columbus
49.5%
#36Belem
49.1%
#39Juarez
48.6%
#29Santa Cruz
46.7%
#32Puebla
46.2%
#64Cartagena
45.3%
#47Barranquilla
44.3%
#93Cancun
44.3%
#68Valencia
41%
#45Leon
38.7%
#52Campinas
38.7%
#75Natal
35.4%
#76Arequipa
33%
Rank City % Correct
#54Sao Luis
32.1%
#70Merida
30.7%
#69Chihuahua
30.2%
#37Goiania
28.3%
#89Trujillo
26.9%
#100Mexicali
23.6%
#58Maceio
22.2%
#71El Alto
20.8%
#67Toluca
19.3%
#94Aguascalientes
18.9%
#90Joao Pessoa
18.4%
#92Hermosillo
18.4%
#48Zapopan
17%
#96San Luis Potosi
17%
#53Barquisimeto
16.5%
#99San Pedro Sula
16.5%
#80Campo Grande
16%
#83Teresina
16%
#43Guarulhos
15.6%
#97Mississauga
15.6%
#72Duque de Caxias
13.7%
#95Saltillo
12.7%
#98Culiacan
12.7%
#56Sao Goncalo
11.8%
#88Nova Iguacu
10.8%
#51Nezahualcoyotl
10.4%
#73Ciudad Guayana
10.4%
#25Ecatepec de Morelos
9.9%
#79Queretaro
9%
#59Callao
7.5%
#87Sao Bernardo do Campo
6.1%
#84Naucalpan
5.7%

You're not logged in!

Compare scores with friends on all Sporcle quizzes.
Join for Free
OR
Log In

You Might Also Like...

Show Comments

Extras

Top Quizzes Today


Score Distribution

Your Account Isn't Verified!

In order to create a playlist on Sporcle, you need to verify the email address you used during registration. Go to your Sporcle Settings to finish the process.

Report this User

Report this user for behavior that violates our Community Guidelines.

Details: